Physical Chemistry. (Record no. 4205)

MARC details
000 -LEADER
fixed length control field 00539nam a22002057a 4500
003 - CONTROL NUMBER IDENTIFIER
control field OSt
005 - DATE AND TIME OF LATEST TRANSACTION
control field 20160527155754.0
008 - FIXED-LENGTH DATA ELEMENTS--GENERAL INFORMATION
fixed length control field 160527b xxu||||| |||| 00| 0 eng d
020 ## - INTERNATIONAL STANDARD BOOK NUMBER
International Standard Book Number 070661707
040 ## - CATALOGING SOURCE
Transcribing agency DDC.
082 ## - DEWEY DECIMAL CLASSIFICATION NUMBER
Classification number 541BAR 1979.
100 ## - MAIN ENTRY--PERSONAL NAME
Personal name Barrow,M.Gordon;
9 (RLIN) 9062
245 ## - TITLE STATEMENT
Title Physical Chemistry.
250 ## - EDITION STATEMENT
Edition statement 4th ed
260 ## - PUBLICATION, DISTRIBUTION, ETC. (IMPRINT)
Place of publication, distribution, etc. Sydney.
Name of publisher, distributor, etc. McGraw-Hill International Book Company.
Date of publication, distribution, etc. 1979.
300 ## - PHYSICAL DESCRIPTION
Extent xvi,832p;
Other physical details ill;
Dimensions 25cm.
504 ## - BIBLIOGRAPHY, ETC. NOTE
Bibliography, etc includes index.
650 ## - SUBJECT ADDED ENTRY--TOPICAL TERM
Topical term or geographic name as entry element Physical Chemistry.
9 (RLIN) 1450
942 ## - ADDED ENTRY ELEMENTS (KOHA)
Source of classification or shelving scheme Dewey Decimal Classification
Koha item type Open Shelf
Holdings
Withdrawn status Lost status Source of classification or shelving scheme Damaged status Not for loan Home library Current library Date acquired Source of acquisition Inventory number Total Checkouts Full call number Barcode Date last seen Date last checked out Price effective from Koha item type
    Dewey Decimal Classification     MUST Main Library MUST Main Library 27/05/2016   13/36974 2 541BAR 1979. 2016-2199 02/12/2019 14/10/2019 27/05/2016 Open Shelf
    Dewey Decimal Classification     MUST Main Library MUST Main Library 10/10/2016   13/36983 2 541BAR 1979. 2016-4700 22/10/2024 07/10/2024 10/10/2016 Open Shelf